Score 0/10 Timer 02:00
0 Plays Today
% Correct
Chanel
80%
Louis Vuitton
53.5%
Versace
34.3%
Givenchy
14%
Gap
13.2%
Tommy Hilfiger
11.1%
Juicy Couture
8.2%
Lacoste
6%
Polo Ralph Lauren
4.8%
Brooks Brothers
2.8%
Come Together.
Have Fun.
All Virtual.
We all need to come together. Play Sporcle's virtual live trivia to have fun, connect with people, and get your trivia on. Join a live hosted trivia game for your favorite pub trivia experience done virtually. If a virtual private party is more your thing, go here for details.

You're not logged in!

Compare scores with friends on all Sporcle quizzes.
OR
Log In

Sporcle TV

Today on Sporcle TV


Watch our educational content, quiz creation guides, and fun videos on Sporcle TV.

Show Comments

Extras

Created Feb 5, 2011ReportNominate
Tags:brand, fashion

Top Quizzes Today


Score Distribution

Paid Content

Your Account Isn't Verified!

In order to create a playlist on Sporcle, you need to verify the email address you used during registration. Go to your Sporcle Settings to finish the process.

Report this User

Report this user for behavior that violates our Community Guidelines.

Details: